| 000 | 00482nam a22001817a 4500 | ||
|---|---|---|---|
| 005 | 20141110111729.0 | ||
| 010 | _aENG-111130 | ||
| 020 |
_c295.00 _a9789383074020 |
||
| 035 | _aEN-94662 | ||
| 037 | _bDBAD/PUB | ||
| 082 | _aS | ||
| 100 | _aGupta, Subhadra Sen | ||
| 245 |
_aFoxy foursome / _cby Subhadra Sen Gupta |
||
| 260 |
_aNew Delhi _bZubaan _c2014 |
||
| 270 |
_bNew Delhi _e110049 _a128 B Shahpur Jat, 1st Floor |
||
| 300 |
_a184p. _c22cm(pbk) |
||
| 942 |
_2ddc _cEN _mGUP _hS |
||
| 999 |
_c89817 _d89817 |
||